Aquaculture in the third millennium / (Registro nro. 4403)

Detalles MARC
000 -CABECERA
Campo de control 01039nam a2200301 i 4500
005 - FECHA Y HORA DE LA ULTIMA TRANSACCION
Campo de control 20170726020002.0
008 - ELEMENTOS DE LONGITUD FIJA—INFORMACION GENERAL
Campo de control 140314s2001 it ||||| |||| 00| 0 eng d
040 ## - FUENTE DE CATALOGACIÓN
Agencia catalogadora original CO-BoIAVH
Agencia transcriptora CO-BoIAVH
041 0# - IDIOMA
Código de idioma para texto/pista de sonido o título separado Español
044 ## - PAÍS DE PUBLICACIÓN
País de publicación Italia
082 04 - NUMERO DE CLASIFICACION DECIMAL DEWEY
Número de clasificación 639.8
Número del ítem A65a
245 00 - MENCION DE TITULO
Título Aquaculture in the third millennium /
Parte restante del título Rohana P. Subasinghe y (otros cinco editores).
260 ## - PUBLICACION, DISTRIBUCION, ETC. (PIE DE IMPRENTA)
Lugar de publicación, distribución, etc. Rome :
Nombre del editor, distribuidor, etc. FAO,
Fecha de publicación, distribución, etc. 2001.
300 ## - DESCRIPCION FISICA
Extensión 470 páginas ;
Dimensiones 23 cm.
650 14 - ASIENTO SECUNDARIO DE MATERIA - TERMINO TEMATICO
Término temático o nombre geográfico como elemento de entrada Acuicultura.
9 (RLIN) 60447
650 14 - ASIENTO SECUNDARIO DE MATERIA - TERMINO TEMATICO
Término temático o nombre geográfico como elemento de entrada Acuicultura.
Subdivisión general Aspectos económicos.
9 (RLIN) 60448
650 14 - ASIENTO SECUNDARIO DE MATERIA - TERMINO TEMATICO
Término temático o nombre geográfico como elemento de entrada Acuicultura.
Subdivisión geográfica América del norte
9 (RLIN) 60449
650 14 - ASIENTO SECUNDARIO DE MATERIA - TERMINO TEMATICO
Término temático o nombre geográfico como elemento de entrada Acuicultura.
Subdivisión geográfica América latina
9 (RLIN) 60450
650 14 - ASIENTO SECUNDARIO DE MATERIA - TERMINO TEMATICO
Término temático o nombre geográfico como elemento de entrada Acuicultura.
Subdivisión geográfica Europa.
9 (RLIN) 60451
700 1# - ASIENTO SECUNDARIO - NOMBRE PERSONAL
Nombre personal Subasinghe, Rohana P.,
Término de relación editora.
9 (RLIN) 60452
700 1# - ASIENTO SECUNDARIO - NOMBRE PERSONAL
Nombre personal Bueno, Pedro B.,
Término de relación editor.
9 (RLIN) 21933
700 1# - ASIENTO SECUNDARIO - NOMBRE PERSONAL
Nombre personal Phillips, Michael J.,
Término de relación editor.
9 (RLIN) 21934
700 1# - ASIENTO SECUNDARIO - NOMBRE PERSONAL
Nombre personal Hough, Courtney,
Término de relación editor.
9 (RLIN) 21935
700 1# - ASIENTO SECUNDARIO - NOMBRE PERSONAL
Nombre personal McGladdery, Sharon E.,
Término de relación editor.
9 (RLIN) 21936
700 ## - ASIENTO SECUNDARIO - NOMBRE PERSONAL
Nombre personal Arthur, J. Richard,
Término de relación editor.
9 (RLIN) 21937
942 ## - ELEMENTOS ADICIONALES (KOHA)
Tipo de ítem Libro
Sistema de clasificación Dewey Decimal Classification
Koha issues (borrowed), all copies 1
945 ## - PROCESAMIENTO LOCAL
AAAA-MM-DD - Fecha de ingreso o modificacion 2005-04-22
Existencias
Withdrawn status Lost status Sistema de Clasificación Damaged status No para préstamo Colección Inventariado Ubicación Permanente Ubicación actual Fecha de adquisición Fuente de Valor Valor Total Checkouts Total Renewals Número topográfico Inventario / Código de Barras Date last seen Date checked out Ejemplar Price effective from Forma de adquisición Tipo de material
    Dewey Decimal Classification     General Inventariado 2017 Bogotá Bogotá 22/04/2005 Instituto 39000.00 1 1 LB-639.8 A65a 017823 04/09/2017 25/07/2017 Ej. 1 04/12/2012   Libro